| 000 | 00468nam a2200181Ia 4500 | ||
|---|---|---|---|
| 001 | 4456 | ||
| 005 | 20260306145757.0 | ||
| 008 | 260306t1999||||xx |||||||||||||| ||spa|| | ||
| 041 | _aESP | ||
| 082 |
_a322.42 _bG67 |
||
| 100 |
_aGonzales Mantilla, Gorki _eAUT |
||
| 245 | 0 | _aPluralidad cultural, conflicto armado y derecho en el Perú (1980-1993) | |
| 260 | _c1999 | ||
| 300 |
_a138 páginas : _ccm. |
||
| 650 | _aGEN | ||
| 654 | _aCHU | ||
| 942 |
_cLIB _dJUS _fJUS _2ddc _n |
||
| 999 |
_c4456 _d4456 |
||